Ikerionos típusú állófázisok alkalmazása ciklusos ß-aminosavak királis megkülönböztetésére

Elmentve itt :
Bibliográfiai részletek
Szerző: Suba Nelli
További közreműködők: Ilisz István (Témavezető)
Dokumentumtípus: Szakdolgozat
Megjelent: 2015
Tárgyszavak:
Online Access:http://diploma.bibl.u-szeged.hu/59620
LEADER 00728nta a2200169 i 4500
001 dipl59620
005 20161108094658.0
008 161108s2015 hu om 0|| zxx d
040 |a SZTE Diploma Repozitórium  |b hun 
041 |a zxx 
100 1 |a Suba Nelli 
245 1 0 |a Ikerionos típusú állófázisok alkalmazása ciklusos ß-aminosavak királis megkülönböztetésére  |h [elektronikus dokumentum] /  |c Nelli Suba 
246 1 0 |a Enantioseparation of cyclic ß-amino acids on zwitterionic type stationary phases  |h [elektronikus dokumentum] 
260 |c 2015 
650 4 |a Természettudományok 
700 1 |a Ilisz István  |e ths 
856 4 0 |u http://diploma.bibl.u-szeged.hu/id/eprint/59620/1/2016_Suba_Nelli_SUNQAAT_SZE_SZ.pdf  |z Dokumentum-elérés